Cómo se comportan los consumidores (Record no. 36109)

MARC details
000 -LEADER
campo de control de longitud fija 00937nam a2200241 i 4500
001 - NÚMERO DE CONTROL
campo de control 36109
003 - IDENTIFICADOR DE NÚMERO DE CONTROL
campo de control ES-MaACL
005 - FECHA Y HORA DE LA ÚLTIMA TRANSACCIÓN
campo de control 20250902023253.0
007 - CAMPO FIJO DE DESCRIPCIÓN FÍSICA--INFORMACIÓN GENERAL
campo de control de longitud fija t|
008 - DATOS DE LONGITUD FIJA--INFORMACIÓN GENERAL
campo de control de longitud fija 030217s1962 sp ||||1| spa d
100 1# - ENTRADA PRINCIPAL--NOMBRE DE PERSONA
Nombre de persona Britt, Stewart Hendersorn.
9 (RLIN) 31803
245 10 - MENCIÓN DEL TÍTULO
Título Cómo se comportan los consumidores
Resto del título : psicología del gasto /
Mención de responsabilidad, etc. por Stewart Henderdsorn Britt ; supervisión por Pedro Prat Gaballí ; [traducción de R. García de Castro Andrieu].
260 ## - PUBLICACIÓN, DISTRIBUCIÓN, ETC.
Lugar de publicación, distribución, etc. Barcelona :
Nombre del editor, distribuidor, etc. Hispano Europea,
Fecha de publicación, distribución, etc. [1962]
300 ## - DESCRIPCIÓN FÍSICA
Extensión XVI, 361 p. ;
Dimensiones 24 cm.
490 1# - MENCIÓN DE SERIE
Mención de serie Colección Galileo
490 1# - MENCIÓN DE SERIE
Mención de serie Biblioteca de la Dirección de Empresas
700 1# - ENTRADA AGREGADA--NOMBRE PERSONAL
Nombre de persona Prat Gaballí, Pedro (
Fechas asociadas al nombre 1885-1962)
9 (RLIN) 93676
700 1# - ENTRADA AGREGADA--NOMBRE PERSONAL
Nombre de persona García de Castro Andrieu, Rafael
9 (RLIN) 54412
830 0# - PUNTO DE ACCESO ADICIONAL DE SERIE-TÍTULO UNIFORME
Título uniforme Colección Galileo
9 (RLIN) 181173
830 00 - PUNTO DE ACCESO ADICIONAL DE SERIE-TÍTULO UNIFORME
Título uniforme Biblioteca de la dirección de empresas
9 (RLIN) 183582
852 ## - LOCALIZACIÓN
Ubicación ES-MaACL
Número de control de estantería C-22217
Sublocalización o colección R.50447
Holdings
Estatus retirado Estado de pérdida Estado de daño No para préstamo Biblioteca de origen Biblioteca actual Ubicación en estantería Fecha de adquisición Fuente de adquisición Total de préstamos Signatura topográfica completa Código de barras Visto por última vez Precio de reemplazo Tipo de ítem Koha
        Biblioteca del Ateneo de Madrid Biblioteca del Ateneo de Madrid Galería 17/01/2008     C-22217 1037896 23/02/2023 23/02/2023 Libro impreso